| 000 | 00412cam a2200169ua 4500 | ||
|---|---|---|---|
| 020 | _c385.00 | ||
| 041 |
_aeng _h |
||
| 082 |
_a621.815 _bKAN/MA |
||
| 100 | _aKannaiah, P . | ||
| 245 |
_aMachine design / _cP.Kannaih. _hTextual Documents |
||
| 260 |
_aChennai : _bScitech Publications India Ltd , _c2005. |
||
| 300 | _a ; . | ||
| 365 | _a385.00 | ||
| 504 | _a | ||
| 942 | _cBK | ||
| 999 |
_c13401 _d13401 |
||